| 000 | 00805nam a2200241Ia 4500 | ||
|---|---|---|---|
| 003 | OSt | ||
| 005 | 20220923215848.0 | ||
| 006 | a|||||r|||| 00| 0 | ||
| 007 | ta | ||
| 008 | 220922b |||||||| |||| 00| 0 hin d | ||
| 024 | _a182,319 | ||
| 037 | _cTextual | ||
| 040 |
_aARTS _cARTS _bhin |
||
| 041 |
_2hin _ahin |
||
| 082 | _aO152,1N11:g, N31-;1 | ||
| 100 |
_aपान्डेय, हरेन्द्र किशोर _9158965 |
||
| 245 | 0 | _aउपन्यासकार अज्ञेय | |
| 246 | _aUpanyāsakār ajnyeya | ||
| 260 |
_aपटना _b अनुपम प्रकाशन _c1993 |
||
| 300 |
_a296 पृ. _ccm. |
||
| 942 |
_hO152,1N11:g, N31-;1 _cTEXL _2CC |
||
| 999 |
_c335693 _d335693 |
||